Canción de Winx Club - Español de España - Estadísticas

Estadísticas generales
  • Esta prueba ha sido intentada 57 veces
  • La puntuación promedio es 76 de 114
Estadísticas de respuestas
Respuesta % Correcto
a
95%
mi
95%
95%
tu
95%
Winx
95%
Winx,
95%
la
91%
un
91%
una
91%
Una
91%
con
88%
mía
86%
club
84%
lo
84%
mano
84%
Más
84%
se
84%
serás
84%
serás,
84%
de
81%
del
81%
nos
81%
quieres
81%
Si
81%
sí,
81%
y
81%
fuerza
79%
juntas
79%
dará
74%
en
74%
mirada
74%
venceremos
67%
el
65%
mágica,
58%
Noche
58%
cielo,
56%
cielo
56%
ilumina
56%
encontrarás
49%
encontrarás,
49%
estrellas
47%
entre
44%
alas
42%
color
42%
Por
42%
sonrisa
42%
vida
42%
comenzar
40%
fantasía
40%
doy
37%
mis
37%
podrá
37%
nube,
35%
nuevo
35%
luz
33%
Que
33%
que
33%
volar
33%
reto
30%
Solo
30%
solo
30%
tiempo,
30%
vuelo
30%
hadas
28%
somos
28%
amiga
26%
gesto
26%
juegos
21%
nuevas
21%
No se encontraron pruebas coincidentes
Distribución de puntuación
Porcentaje de gente con cada puntuación
Porcentaje por número respondido
Historial de tus puntuaciones
No has intentado esta prueba.